Así hablaba Zaratustra: un libro para todos y para nadie

Збережено в:
Бібліографічні деталі
Формат: Книга
Мова:Іспанська
Опубліковано: Buenos Aires Tor 1900
Предмети:
Теги: Додати тег
Немає тегів, Будьте першим, хто поставить тег для цього запису!

MARC

LEADER 00000nam a2200000 a 4500
001 UCZ2145
003 CL-VaPUC
008 950926e19000000AG |||||||||||||||||spa|d
082 0 4 |a 193  |b NIE  |2 21 
245 1 0 |a Así hablaba Zaratustra: un libro para todos y para nadie 
300 |a 253 p 
942 |c BK 
945 |d 19950926 00:00:00  |a cmena 
260 |a Buenos Aires  |b Tor  |c 1900 
650 0 |a Filosofía alemana   |9 265002 
650 7 |a RELATIVISMO ATEO  |2 CL-VaPUC  |9 345953 
650 0 |a Empirismo  |9 255037 
650 0 |a Ateísmo  |9 265671 
650 0 |a Agnosticismo  |9 334887 
583 |a last modification  |c 19950926 00:00:00  |k Rodrigo Vera 
999 |c 238792  |d 238790 
952 |0 0  |1 0  |4 0  |6 193_000000000000000_NIE_1900  |7 0  |8 P  |9 249293  |a BIBEDU  |b BIBEDU  |c BIBEDU_PB  |d 2019-11-18  |i 1564900  |o 193 NIE 1900  |p 1564900  |r 2024-01-25  |w 2019-11-18  |y BK  |k FIL